书目信息 |
| 题名: |
显示技术
|
|
| 作者: | 肖运虹 , 王志铭 主编 | |
| 分册: | ||
| 出版信息: | 西安 西安电子科技大学出版社 2021.1 |
|
| 页数: | 184页 | |
| 开本: | 26cm | |
| 丛书名: | ||
| 单 册: | ||
| 中图分类: | TN27 | |
| 科图分类: | ||
| 主题词: | 显示--高等学校--教材 | |
| 电子资源: | ||
| ISBN: | 978-7-5606-4822-4 | |
| 000 | 00899nam0 2200265 45 | |
| 001 | 012001000143 | |
| 005 | 20211012142310.28 | |
| 010 | @a978-7-5606-4822-4@dCNY27.00 | |
| 100 | @a20180426d2018 em y0chiy50 ea | |
| 101 | 0 | @achi |
| 102 | @aCN@b610000 | |
| 105 | @aa z 000yy | |
| 106 | @ar | |
| 200 | 1 | @a显示技术@Axian shi ji shu@b专著@f肖运虹,王志铭主编 |
| 205 | @a2版 | |
| 210 | @a西安@c西安电子科技大学出版社@d2021.1 | |
| 215 | @a184页@c图@d26cm | |
| 300 | @a高等学校电子信息类专业“十三五”规划教材 | |
| 330 | @a本书主要内容包括显示技术基础、阴极射线管显示技术、液晶显示技术、等离子体显示技术、激光显示技术、OLED显示技术、QLED显示技术、3D显示技术以及VR显示技术等。 | |
| 606 | 0 | @a显示@x高等学校@j教材 |
| 690 | @aTN27@v5 | |
| 701 | 0 | @a肖运虹@Axiao yun hong@4主编 |
| 701 | 0 | @a王志铭@Awang zhi ming@4主编 |
| 801 | 0 | @aCN@bBJSDL@c20211011 |
| 905 | @b1330544-7@dTN27@e150=2@f4 | |
| 显示技术/肖运虹,王志铭主编.-2版.-西安:西安电子科技大学出版社,2021.1 |
| 184页:图;26cm |
| 高等学校电子信息类专业“十三五”规划教材 |
| ISBN 978-7-5606-4822-4:CNY27.00 |
| 本书主要内容包括显示技术基础、阴极射线管显示技术、液晶显示技术、等离子体显示技术、激光显示技术、OLED显示技术、QLED显示技术、3D显示技术以及VR显示技术等。 |
| ● |
| 相关链接 |
|
|
|
|
正题名:显示技术
索取号:TN27/150=2
 
预约/预借
| 序号 | 登录号 | 条形码 | 馆藏地/架位号 | 状态 | 备注 |
| 1 | 1330544 | 213305449 | 第二样本阅览室/ [索取号:TN27/150=2] | 在馆 | |
| 2 | 1330545 | 213305458 | 第三借阅区/ [索取号:TN27/150=2] | 在馆 | |
| 3 | 1330546 | 213305467 | 第三借阅区/ [索取号:TN27/150=2] | 在馆 | |
| 4 | 1330547 | 213305476 | 第三借阅区/ [索取号:TN27/150=2] | 在馆 |